El general y sus presidentes: vida y tiempos de Hans Kundt, Ernst Rohm y siete presidentes en la historia de Bolivia, 1911-1939

Збережено в:
Бібліографічні деталі
Автор: Brockmann S., Robert (Автор)
Формат: Книга
Мова:Іспанська
Опубліковано: La Paz Plural 2007
Редагування:1a. ed
Предмети:
Теги: Додати тег
Немає тегів, Будьте першим, хто поставить тег для цього запису!

MARC

LEADER 00000nam a2200000 a 4500
001 UCI8842
003 CL-VaPUC
008 081009e20070000BO |||||||||||||||||spa|d
020 |a 9789995411152 
082 0 4 |a 984  |b BRO  |2 21 
100 0 |a Brockmann S., Robert  |e author  |9 532474 
245 1 3 |a El general y sus presidentes: vida y tiempos de Hans Kundt, Ernst Rohm y siete presidentes en la historia de Bolivia, 1911-1939 
250 |a 1a. ed 
300 |a 470 p 
942 |c BK 
945 |d 20081009 00:00:00  |a rbrito 
260 |a La Paz  |b Plural  |c 2007 
600 0 7 |a KUNDT, HANS  |2 CL-VaPUC  |9 532475 
650 7 |a HISTORIA DE BOLIVIA  |2 CL-VaPUC  |9 532476 
651 0 |a Bolivia  |9 255454 
583 |a last modification  |c 20081009 00:00:00  |k Rodrigo Vera 
999 |c 331608  |d 331606 
952 |0 0  |1 0  |4 0  |6 984_000000000000000_BRO_2007  |7 0  |8 A  |9 418390  |a BIBHIS  |b BIBHIS  |d 2019-11-22  |i 4486226  |o 984 BRO 2007  |p 4486226  |r 2025-01-20  |w 2019-11-22  |y BK  |k HIS